| Tag |
First Indicator |
Second Indicator |
Subfields |
| LEADER |
00000nam a2200000 4500 |
| 001 |
in00004287635 |
| 005 |
20200813075332.0 |
| 006 |
m g d |
| 007 |
cr bn |||a|bb| |
| 008 |
850619s1643 enk o 00| | eng d |
| 035 |
|
|
|a (UnM)99863269
|
| 037 |
|
|
|a CL0051000001
|b ProQuest Information and Learning. 300 N. Zeeb Rd., Ann Arbor, MI 48106
|
| 040 |
|
|
|a Cu-RivES
|c Cu-RivES
|d CStRLIN
|e dcrb
|d WaOLN
|
| 100 |
1 |
|
|a Lightfoot, John,
|d 1602-1675.
|
| 245 |
1 |
0 |
|a Elias redivivus: :
|b a sermon preached before the honorable House of Commons, in the parish of Saint Margarets West minster, at the publike fast, March 29, 1643. By John Lightfoote, preacher of the Gospel at Bartholomew Exchange, London.
|
| 246 |
2 |
|
|a Sermon preached at a fast before the Honourable House of Commons.
|
| 260 |
|
|
|a London :
|b Printed by R. Cotes, for Andrew Crooke, and are to be sold at his shop at the signe of the Greene Dragon, in Pauls Church-yard,
|c 1643.
|
| 300 |
|
|
|a 1 online resource ([4], 50, [2] pages)
|
| 336 |
|
|
|a text
|b txt
|2 rdacontent
|
| 337 |
|
|
|a computer
|b c
|2 rdamedia
|
| 338 |
|
|
|a online resource
|b cr
|2 rdacarrier
|
| 500 |
|
|
|a Running title reads: A sermon preached at a fast before the Honourable House of Commons.
|
| 500 |
|
|
|a Annotation on Thomason copy: "Gibbons not [illegible]"; "Aprill 21".
|
| 500 |
|
|
|a Reproduction of the original in the British Library.
|
| 510 |
4 |
|
|a Wing (2nd edition)
|c L2053.
|
| 510 |
4 |
|
|a Thomason
|c E.99[11].
|
| 533 |
|
|
|a Electronic reproduction.
|b Ann Arbor, Mich. :
|c UMI,
|d 1999-
|f (Early English books online)
|n Digital version of: (Thomason Tracts ; 17:E99[11])
|7 s1999 miun s
|
| 630 |
0 |
4 |
|a Bible.
|p N.T.
|p Luke I, 17
|v Sermons
|v Early works to 1800.
|
| 650 |
|
0 |
|a Fast-day sermons
|y 17th century.
|
| 830 |
|
0 |
|a Early English books online.
|
| 856 |
4 |
0 |
|u http://proxy.library.tamu.edu/login?url=https://search.proquest.com/docview/2240957482
|z Connect to the full text of this electronic book
|t 0
|
| 999 |
f |
f |
|s 44227ab3-9379-362f-a6ca-188088924cff
|i 6f854bd9-05d6-3ba2-b997-8c2955d0848f
|t 0
|
| 952 |
f |
f |
|a Texas A&M University
|b College Station
|c Electronic Resources
|d Available Online
|t 0
|h No information provided
|
| 998 |
f |
f |
|t 0
|l Available Online
|